[Event "SVK-ch U14"]
[Site "Stara Lubovna"]
[Date "2021.07.01"]
[Round "7"]
[White "Havalda, Samuel"]
[Black "Sec, Adrian"]
[Result "1-0"]
[WhiteElo "1513"]
[BlackElo "1000"]
[PlyCount "53"]
[EventDate "2021.06.26"]
[EventType "swiss"]
[EventRounds "9"]
[EventCountry "SVK"]
[SourceTitle "CBM 203 Extra"]
[Source "ChessBase"]
[SourceDate "2021.09.30"]
[SourceVersion "1"]
[SourceVersionDate "2021.09.30"]
[SourceQuality "1"]

1. e4 e5 2. Nf3 Nc6 3. d4 d6 4. Nc3 Nf6 5. Bb5 Bd7 6. 0-0 Be7 7. Re1 0-0 8. Bxc6 Bxc6 9. h3 Re8 10. dxe5 dxe5 11. Qxd8 Raxd8 12. Bg5 Nd7 13. Bxe7 Rxe7 14. b4 Nf6 15. b5 Bd7 16. g4 c6 17. a4 h6 18. Red1 Rde8 19. Rd3 g6 20. Rd6 Nh7 21. Nxe5 Rxe5 22. Rxd7 cxb5 23. axb5 Nf6 24. Rxb7 Nxe4 25. Nxe4 Rxe4 26. Raxa7 Rf8 27. Rc7 1-0